000 00954nam a2200241Ia 4500
003 IN-BaIIA
008 211028s9999 xx 000 0 eng d
040 _cIIA Library
080 _a063:53
_bENF-40
111 _aInternational School of Physics "Enrico Fermi"
_cItaly
_d1967 June 26- July 15
_95953
245 0 _aNuclear structure and nuclear reactions
_bproceedings of the International School of Physics "Enrico Fermi" held in Varenna Sul Lago di Como, Villa Monastero 26th June - 15th July 1967
_cedited by M. Jean and Ricci R. A.
260 _aNew York
_bAcademic Press
_c1969
300 _axvi, 813p.
490 _aInternational School of Physics "Enrico Fermi" Course v. 40
650 _aNASA Thesaurus
650 _aNuclear Physics
_91527
650 _aNuclear Reactions
_92819
650 _aNuclear Structure
_93051
700 _aJean, M., ed.
_95954
700 _aRicci, R. A. ed
_95955
710 _aItalian Physical Society
942 _cBK
999 _c3358
_d3358